00373nam a2200133Ia 4500008004100000100002000041245000900061260000900070300003300079440002400112650001200136999001900148952007200167180117s9999 xx 000 0 und d aby AA Patawaran aWHWN c2017 a18-20 pages, 2017 January 22 aPhilippine Panorama aSTORIES c353636d353636 001040aCLbCLd2018-01-17l0r2018-01-17 00:00:00w2018-01-17ySE